[Event "Ch Belgium (team) 1996/97"]
[Site "masterchessopen.com Belgium"]
[Round "9"]
[White "Meessen Rudolf (BEL)"]
[Black "Verstraeten Roland"]
[Result "1-0"]
[WhiteElo "2310"]
[BlackElo "2005"]

1.d4 d5 2.c4 dxc4 3.Nf3 a6 4.e3 e6 5.Bxc4 Nf6 6.O-O c5 7.Qe2 b5 8.Bb3 Bb7 9.a4
b4 10.Rd1 Nbd7 11.a5 Qc7 12.Nbd2 Be7 13.Nc4 O-O 14.Bd2 Bd5 15.Be1 Qb7 16.Ncd2
cxd4 17.Bxd5 Nxd5 18.Nxd4 Rfc8 19.f3 g6 20.Bg3 Qa7 21.Bf2 Qb7 22.Qf1 e5
23.N4b3 Rc2 24.e4 N5f6 25.Nc4 Rc8 26.Nbd2 Bc5 27.Bxc5 Nxc5 28.Nd6 {#r} 1-0

[Event "It"]
[Site "masterchessopen.com Brasilia (Brazil)"]
[Round "4"]
[White "Valle Adriano (BRA)"]
[Black "De Andrade Waldemiro (BRA)"]
[Result "0-1"]
[WhiteElo "2225"]
[BlackElo "2285"]

1.d4 d5 2.c4 dxc4 3.Nf3 Nf6 4.e3 e6 5.Bxc4 c5 6.O-O a6 7.Qe2 b5 8.Bb3 Bb7 9.a4
b4 10.Nbd2 Be7 11.a5 Nbd7 12.Nc4 O-O 13.Rd1 Qb8 14.Nfe5 cxd4 15.exd4 Bd5
16.Bg5 Bd6 17.Bf4 Bc7 18.Rac1 Ra7 19.Rd3 Qb5 20.Rg3 Ne4 21.Rh3 Ndf6 22.Qc2 g6
23.f3 Nd6 24.Nxd6 Bxd6 25.Nxg6 Rc7 26.Ne7+ Kh8 27.Bg5 Ne4 28.fxe4 f6 29.Qf2
Bxe7 30.exd5 fxg5 31.Qxf8+ Bxf8 32.Rxc7 Qe2 33.Rf3 Bd6 34.Rc8+ Kg7 35.Bc4 Qd1+
36.Rf1 Qxd4+ 37.Kh1 exd5 38.Bxa6 Qe5 {#R} 0-1

[Event "It (open)"]
[Site "masterchessopen.com Cappelle la Grande (France)"]
[Round "2"]
[White "Burmakin Vladimir (RUS)"]
[Black "Lazarev Vladimir (FRA)"]
[Result "1-0"]
[WhiteElo "2550"]
[BlackElo "2500"]

1.d4 d5 2.Nf3 Nf6 3.c4 dxc4 4.e3 e6 5.Bxc4 c5 6.O-O a6 7.Qe2 b5 8.Bb3 Bb7
9.Rd1 Nbd7 10.Nc3 Bd6 11.e4 cxd4 12.Rxd4 Bc5 13.Rd3 Ng4 14.Bg5 Qb6 15.Bh4 Nde5
16.Nxe5 Nxe5 17.Rh3 Ng6 18.Bg3 O-O 19.Kh1 Rad8 20.e5 Bd4 21.Rg1 h6 22.Bc2 b4
23.Ne4 Bxe4 24.Bxe4 Nxe5 25.Bxe5 Bxe5 26.Bb1 Rd5 27.Qc2 f5 28.Re3 Rfd8 29.Re2
Qd6 30.Rge1 Rd2 31.Qc4 Bxb2 32.Rxd2 Qxd2 33.Qxe6+ Kh8 34.Bxf5 Qxf2 35.Qe8+
{#r} 1-0

[Event "It (cat.18)"]
[Site "masterchessopen.com Dortmund (Germany)"]
[Round "3"]
[White "Jussupow Artur (GER)"]
[Black "Anand Viswanathan (IND)"]
[Result "0-1"]
[WhiteElo "2640"]
[BlackElo "2765"]

1.d4 d5 2.c4 dxc4 3.e3 Nf6 4.Bxc4 e6 5.Nf3 c5 6.O-O a6 7.Qe2 b5 8.Bb3 Bb7 9.a4
b4 10.Nbd2 Be7 11.Nc4 O-O 12.Rd1 Qc7 13.Bd2 Nbd7 14.Nfe5 Rfd8 { N } (
14...Rac8 15.Rac1 Rfd8 16.a5 Bd5 { = Keres - Reshevsky, Semmering, 1937 } )
15.Rac1 a5 16.Be1 Nxe5 17.dxe5 Nd7 18.f4 Ba6 19.Qc2 Bxc4 20.Qxc4 { ? } (
20.Bxc4 ) 20...Nb6 21.Rxd8+ Qxd8 22.Qb5 g6 ( 22...c4 { ! } 23.Bxc4 Rc8 24.b3
Rc5 25.Qa6 Qc7 { ? } ) 23.Bd1 c4 24.Bf3 Rb8 25.Qxa5 c3 { !? } 26.bxc3 ( 26.b3
{ !? } ) 26...b3 27.Rb1 ( 27.Rd1 Qc8 { ? } ) 27...Qd3 28.Rxb3 ( 28.Rd1 { !? }
) 28...Qxe3+ 29.Kf1 Bc5 30.Qb5 Rd8 31.c4 ( 31.Rb2 { !? } 31...Qg1+ 32.Ke2 Nd5
33.Bxd5 Rxd5 34.Rd2 Qxg2+ 35.Kd1 Be3 36.Rxd5 exd5 37.e6 { !? ? } ) 31...Rd3
32.Qe8+ Kg7 {#R} 0-1

[Event "Cup Russia (open)"]
[Site "masterchessopen.com Ekaterinburg (Russia)"]
[Round "4"]
[White "Obukhov Alexander (RUS)"]
[Black "Ibragimov Ildar (USA)"]
[Result "0-1"]
[WhiteElo "2405"]
[BlackElo "2585"]

1.Nf3 d5 2.d4 Nf6 3.c4 dxc4 4.e3 e6 5.Bxc4 c5 6.O-O a6 7.Qe2 b5 8.Bb3 Bb7 9.a4
b4 10.a5 Nbd7 11.Nbd2 Be7 12.Nc4 O-O 13.Rd1 Qc7 14.Bd2 Bd5 15.Rac1 Qb7 16.Ba4
Rfd8 17.dxc5 Bxc5 18.Be1 Rac8 19.Ncd2 Ba7 20.Nb3 Ne4 21.Rxc8 Rxc8 22.Rc1 Ndc5
23.Nxc5 Nxc5 24.Bc2 Nb3 25.Rd1 Nxa5 26.Bd3 Rb8 27.Bxa6 Qc7 28.Nd4 Bc5 29.e4
Ba8 30.Nf3 Qb6 31.Ne5 Bc6 32.Rd7 Bd4 33.Nxc6 Nxc6 34.Bd3 Ne5 35.Rxd4 Qxd4
36.Bb5 Rd8 37.Kf1 h5 38.h3 h4 39.f3 Ng6 40.b3 Nf4 41.Qc2 Qe5 42.Bc4 Qa1 43.Qf2
Rd1 44.Qxh4 Qc3 45.Qf2 Nxg2 {#R} 0-1

[Event "Bayern Regionalliga Southwest"]
[Site "masterchessopen.com Germany"]
[Round "8"]
[White "Rinkewitz Werner"]
[Black "Grasselli Luka (SMR)"]
[Result "0-1"]
[WhiteElo "1885"]
[BlackElo "2039"]

1.d4 d5 2.c4 dxc4 3.Nf3 a6 4.e3 Nf6 5.Bxc4 e6 6.O-O c5 7.Qe2 b5 8.Bb3 Bb7 9.a4
Nbd7 10.Rd1 b4 11.Nbd2 Be7 12.Nc4 O-O 13.Nce5 Qc7 14.Nxf7 Bxf3 15.Nh6+ gxh6
16.Bxe6+ Kh8 17.Qxf3 h5 18.Qh3 Rad8 19.d5 c4 20.Bd2 Ne5 21.b3 c3 22.Be1 c2
23.Rdc1 Nd3 24.e4 Nxc1 25.Rxc1 Qf4 26.Qe3 Qxe3 27.fxe3 Nxe4 28.Rxc2 Rf6 29.h4
Bc5 30.Kh2 Bd6+ 31.Kh3 Rf1 32.Re2 Rh1# 0-1

[Event "Match (team)"]
[Site "masterchessopen.com Helsinki (Finland)"]
[Round "2"]
[White "Manninen Marko (FIN)"]
[Black "Hartman Christer (SWE)"]
[Result "1-0"]
[WhiteElo "2365"]
[BlackElo "2320"]

1.d4 d5 2.c4 dxc4 3.e3 Nf6 4.Bxc4 e6 5.Nf3 c5 6.O-O a6 7.Qe2 b5 8.Bb3 Bb7
9.Nbd2 Nbd7 10.Rd1 Qc7 11.Nf1 Bd6 12.Bd2 Ne4 13.Rac1 c4 14.Bc2 Ndf6 15.Be1 O-O
16.N3d2 e5 17.Nxe4 Nxe4 18.d5 Nc5 19.e4 f5 20.Ng3 f4 21.Nf5 Bc8 22.Nxd6 f3
23.Qe3 Qxd6 24.Bb4 Qg6 25.g3 Bh3 26.Bxc5 Bg2 27.Bxf8 Qg4 28.d6 Qh3 29.Qg5 Rxf8
30.Qh4 Qd7 31.Qe7 Qh3 32.d7 {#r} 1-0

[Event "It (cat.3)"]
[Site "masterchessopen.com Highgate (England)"]
[Round "4"]
[White "Aagaard Jacob (SCO)"]
[Black "Duncan Christopher R (ENG)"]
[Result "1-0"]
[WhiteElo "2435"]
[BlackElo "2325"]

1.d4 d5 2.c4 dxc4 3.Nf3 Nf6 4.e3 e6 5.Bxc4 c5 6.O-O a6 7.Qe2 b5 8.Bb3 Bb7 9.a4
b4 10.Rd1 Nbd7 11.e4 cxd4 12.Bg5 Bxe4 13.Nxd4 Qb6 14.Bxf6 Nxf6 15.a5 Qb7
16.Ba4+ Ke7 17.Nd2 Bd5 18.Nc4 g6 19.Qe5 Qb8 20.Nc6+ Bxc6 21.Qc5+ {#r} 1-0

[Event "Ch Ukraine (juniors) (under 14)"]
[Site "masterchessopen.com Kiev (Ukraine)"]
[Round "0"]
[White "Ignatchuk Viktor (UKR)"]
[Black "Zubov Alexander (UKR)"]
[Result "0-1"]
[WhiteElo "2046"]
[BlackElo "2603"]

1.d4 d5 2.c4 dxc4 3.Nf3 Nf6 4.e3 e6 5.Bxc4 c5 6.O-O a6 7.Qe2 b5 8.Bb3 Bb7 9.a4
b4 10.Rd1 Nbd7 11.Nbd2 Be7 12.Nc4 Qc7 13.Bd2 O-O 14.Rac1 Bd5 15.Ne1 a5 16.Nd3
Qb7 17.f3 cxd4 18.exd4 Rfc8 19.Be3 Qa6 20.Nd2 Bd6 21.Bf2 Nb6 22.Qf1 Bxb3
23.Nxb3 Nxa4 24.Ra1 Qb5 25.Qe2 Nd5 26.Qd2 Nab6 27.Nbc5 Nd7 28.Rdc1 Be7 29.Rc2
Nxc5 30.dxc5 a4 31.Bd4 h6 32.g3 b3 33.Rcc1 Bg5 34.f4 Bf6 35.Bxf6 Nxf6 36.Qc3
Rd8 37.Ne5 a3 38.Rxa3 Rxa3 39.bxa3 b2 40.Rb1 Qe2 41.Qe1 Qc2 42.Nf3 Ne4 43.Rxb2
Qxb2 44.Qxe4 Qxa3 45.c6 Qd6 46.Qc2 Rc8 47.Qe4 Rxc6 {#R} 0-1

[Event "Ch Russia (1/2 final)"]
[Site "masterchessopen.com Perm (Russia)"]
[Round "6"]
[White "Vshivkov Konstantin (RUS)"]
[Black "Alavkin Arseny (RUS)"]
[Result "1-0"]
[WhiteElo "2285"]
[BlackElo "2430"]

1.d4 d5 2.c4 dxc4 3.Nf3 Nf6 4.e3 e6 5.Bxc4 c5 6.O-O a6 7.Qe2 b5 8.Bb3 Bb7
9.Rd1 Nbd7 10.Nc3 Qb6 11.Bc2 b4 12.Na4 Qc6 13.b3 cxd4 14.exd4 Bd6 15.Bg5 Qd5
16.Bd3 h6 17.Bxf6 gxf6 18.Nc5 Bxc5 19.dxc5 Rg8 20.Kf1 Qc6 21.Re1 Ne5 22.Be4
Qxe4 23.Qxe4 Bxe4 24.Rxe4 Nc6 25.Nd4 Nxd4 26.Rxd4 Rg5 27.Rc1 Rc8 28.c6 Rb5
29.Rh4 Rb6 30.c7 Rb7 31.Rxh6 Rcxc7 32.Rh8+ Ke7 33.Rc8 Rd7 34.Ke2 Rb5 35.g4
Re5+ 36.Kf3 Ra5 37.R1c2 Rg5 38.h4 Re5 39.R8c7 Kd6 40.Rxd7+ Kxd7 41.h5 Rb5
42.Rc4 Rb8 43.Rc5 Kd6 44.Ra5 Ra8 45.h6 Ke7 46.h7 Rh8 47.Rxa6 Rxh7 48.Rb6 Rh3+
49.Kg2 Rc3 50.Rxb4 {#r} 1-0

[Event "Cup Russia (open)"]
[Site "masterchessopen.com Perm (Russia)"]
[Round "9"]
[White "Bezgodov Alexei (RUS)"]
[Black "Zakharov Alexander S (RUS)"]
[Result "1-0"]
[WhiteElo "2545"]
[BlackElo "2360"]

1.Nf3 Nf6 2.d4 d5 3.c4 dxc4 4.e3 e6 5.Bxc4 c5 6.O-O a6 7.Qe2 b5 8.Bb3 Bb7
9.Nc3 Nbd7 10.Rd1 Bd6 11.e4 cxd4 12.Rxd4 Bc5 13.Rd3 Ng4 14.Bg5 Qb6 15.Rf1
Bxf2+ 16.Rxf2 Qxf2+ 17.Qxf2 Nxf2 18.Kxf2 Nc5 19.Rd6 Bxe4 20.Be3 Nd3+ 21.Kg3
Bg6 22.Nh4 Ke7 23.Rd4 Nxb2 24.Bc1 Nc4 25.Bxc4 bxc4 26.Ba3+ Ke8 27.Rxc4 Rd8
28.Nf3 Bh5 29.Nd4 Kd7 30.Na4 Bd1 31.Nc5+ Kd6 32.Ncxe6+ Kd5 33.Rc5+ Ke4 34.Nxd8
Rxd8 35.Nf3 {#r} 1-0

[Event "Ch Peru"]
[Site "masterchessopen.com Peru"]
[Round "7"]
[White "Cruz Filemon (PER)"]
[Black "Galvan Jesus (PER)"]
[Result "1-0"]
[WhiteElo "2355"]
[BlackElo "2226"]

1.d4 d5 2.c4 dxc4 3.Nf3 Nf6 4.e3 e6 5.Bxc4 c5 6.O-O a6 7.Qe2 b5 8.Bb3 Bb7 9.a4
Qb6 10.Rd1 Nbd7 11.Nbd2 Rd8 12.Nf1 Bd6 13.Bd2 Ra8 14.Bc2 O-O 15.Ng3 Rfe8
16.Bc3 Rac8 17.axb5 axb5 18.dxc5 Bxc5 19.Nh5 e5 20.Bf5 b4 21.Nxf6+ Nxf6
22.Bxc8 bxc3 23.Bxb7 cxb2 24.Rab1 Qxb7 25.Qxb2 Qe4 26.Qb7 Qf5 27.Qc7 e4 28.Nd4
Qh5 29.h3 h6 30.Rd2 Re5 31.Ne2 Kh7 32.Rb8 Rf5 33.Ng3 {#r} 1-0

[Event "It"]
[Site "masterchessopen.com Pinar del Rio (Cuba)"]
[Round "11"]
[White "Otero Evelio (CUB)"]
[Black "Valdes Luis E (CUB)"]
[Result "0-1"]
[WhiteElo "2405"]
[BlackElo "2380"]

1.d4 d5 2.c4 dxc4 3.e3 e6 4.Bxc4 Nf6 5.Nf3 c5 6.O-O a6 7.Qe2 b5 8.Bb3 Bb7
9.Rd1 Nbd7 10.a4 Be7 11.dxc5 O-O 12.Na3 b4 13.Nc4 Qc7 14.Nb6 Rad8 15.Nxd7 Nxd7
16.Bd2 Nxc5 17.Bc4 a5 18.Nd4 Bf6 19.Be1 Qb6 20.Bb5 Rd6 21.Qc2 Be4 22.Qc4 Bd3
23.Qa2 Bxd4 24.exd4 Rxd4 25.f3 Bxb5 26.axb5 Rxd1 27.Rxd1 Nd3+ 28.Kh1 Nxe1
29.Rxe1 Qxb5 {#R} 0-1

[Event "It (open)"]
[Site "masterchessopen.com Polanica Zdroj (Poland)"]
[Round "5"]
[White "Mirzoev Azer (AZE)"]
[Black "Bernard Ryszard (POL)"]
[Result "0-1"]
[WhiteElo "2430"]
[BlackElo "2360"]

1.d4 d5 2.Nf3 Nf6 3.c4 dxc4 4.e3 e6 5.Bxc4 c5 6.O-O a6 7.Qe2 b5 8.Bb3 Bb7 9.a4
b4 10.Nbd2 Nbd7 11.Nc4 Be7 12.Rd1 Qc7 13.Bd2 O-O 14.Rac1 a5 15.Nfe5 Rfd8
16.Nd3 Qc6 17.f3 Qa6 18.Be1 Rac8 19.Bf2 cxd4 20.exd4 Bd5 21.Nf4 Bf8 22.Qf1 Bb7
23.h4 h6 24.Rc2 Nd5 25.Nd3 N5f6 26.Rdc1 Nd5 27.Nce5 Rxc2 28.Rxc2 Nxe5 29.Nxe5
Qxf1+ 30.Kxf1 f6 31.Nc4 Ra8 32.Ne3 Bd6 33.Bxd5 exd5 34.Nf5 b3 35.Rc3 Ba6+
36.Kg1 Bb4 37.Rc7 Ba3 38.Nxg7 Bxb2 39.Nh5 Rf8 40.Nf4 Ba3 41.Nxd5 b2 42.Nc3 Bb4
{#R} 0-1

[Event "It (open)"]
[Site "masterchessopen.com Saint-Affrique (France)"]
[Round "8"]
[White "Miralles Gilles (FRA)"]
[Black "Flear Glenn C (ENG)"]
[Result "1-0"]
[WhiteElo "2485"]
[BlackElo "2475"]

1.d4 d5 2.c4 dxc4 3.Nf3 a6 4.e3 Nf6 5.Bxc4 e6 6.O-O c5 7.Qe2 b5 8.Bb3 Bb7
9.Rd1 Nbd7 10.a4 b4 11.a5 Be7 12.Ba4 O-O 13.Bxd7 Qxd7 14.Nbd2 Rac8 15.b3 cxd4
16.Nc4 Nd5 17.Bb2 dxe3 18.Nb6 exf2+ 19.Qxf2 Qc7 20.Nxc8 Bc5 21.Bd4 Bxd4
22.Rxd4 Rxc8 23.Rc4 Qd8 24.Qa7 Rc7 25.Rd1 Qc8 26.Ne5 h6 27.Qf2 f6 28.Rxc7 Qxc7
29.Nc4 Qc6 30.Rd2 e5 31.h3 Qe6 32.Qc5 e4 33.Nd6 Ba8 34.Qc8+ Qxc8 35.Nxc8 Nf4
36.Rd8+ Kh7 37.Ne7 Bb7 38.Rd7 Ba8 39.Ra7 Bd5 40.Nxd5 Nxd5 41.Rxa6 {#r} 1-0

[Event "It (open) \"]
[Site "masterchessopen.com Spain"]
[Round "0"]
[White "Gallego Jimenez Victoriano (ESP)"]
[Black "Adla Diego (ARG)"]
[Result "0-1"]
[WhiteElo "2385"]
[BlackElo "2445"]

1.d4 d5 2.c4 dxc4 3.Nf3 Nf6 4.e3 e6 5.Bxc4 c5 6.O-O a6 7.Qe2 b5 8.Bb3 Bb7 9.a4
b4 10.Rd1 Nbd7 11.e4 cxd4 12.Nxd4 Qc7 13.f3 Nc5 14.Bc4 Rd8 15.b3 Bd6 16.g3 Be5
17.Be3 O-O 18.Ra2 Rd7 19.Rad2 Rc8 20.Nc2 Rxd2 21.Nxd2 a5 22.Nd4 h6 23.Nb5 Qe7
24.Nf1 Nfd7 25.Bd4 Bxd4+ 26.Nxd4 Ne5 27.Ne3 Qf6 28.Qf2 Rd8 29.Be2 Rxd4 30.Rxd4
Nxf3+ {#R} 0-1

[Event "Memorial M.Chigorin"]
[Site "masterchessopen.com St. Petersburg (Russia)"]
[Round "9"]
[White "Obukhov Alexander (RUS)"]
[Black "Kashtanov Ruslan (RUS)"]
[Result "0-1"]
[WhiteElo "2405"]
[BlackElo "2250"]

1.d4 d5 2.c4 dxc4 3.e3 Nf6 4.Bxc4 e6 5.Nf3 c5 6.O-O a6 7.Qe2 b5 8.Bb3 Bb7 9.a4
b4 10.a5 Nbd7 11.Nbd2 Be7 12.Nc4 O-O 13.Rd1 Qc7 14.Nfe5 Rfd8 15.Bd2 Rac8
16.Rac1 Qb8 17.Ba4 cxd4 18.exd4 Nxe5 19.dxe5 Nd5 20.Qg4 Rxc4 21.Qxc4 Qxe5
22.b3 h5 23.Re1 Qf5 24.Qe2 Nc3 25.Bxc3 bxc3 26.Rxc3 Bb4 27.Rc4 Bxe1 28.Qxe1
Qxa5 29.Qc1 Qg5 30.g3 h4 {#R} 0-1

[Event "corr. (e-mail)"]
[Site "masterchessopen.com Sweden"]
[Round "4"]
[White "Beck Hartmuth (AUT)"]
[Black "Degerman Lars (SWE)"]
[Result "0-1"]
[WhiteElo "2225"]
[BlackElo "2485"]

1.d4 d5 2.c4 dxc4 3.Nf3 a6 4.e3 e6 5.Bxc4 c5 6.O-O Nf6 7.Qe2 b5 8.Bb3 Bb7
9.Rd1 Nbd7 10.Nc3 Qb6 11.a4 c4 12.Bc2 b4 13.a5 Qc7 14.Na4 Rc8 15.e4 b3 16.Bb1
Qxa5 17.e5 Nd5 18.Ng5 Be7 19.Ne4 N7b6 20.Bd2 Nb4 21.Nec5 Bxc5 22.Nxc5 Qxa1
23.Nxb7 N4d5 24.Nd6+ Kd7 25.Nxc8 Kxc8 26.Be1 Qa4 27.Qg4 g6 28.Qf3 Qd7 29.Rc1
Kb8 30.Be4 Rc8 31.Ra1 Ka7 32.h3 Rc7 33.Ba5 Qb5 34.Kh2 Rd7 35.Be1 Na4 36.Bxd5
exd5 37.Bc3 h5 38.Re1 Nxc3 39.Qxc3 a5 40.Ra1 Kb6 41.Qf3 a4 42.Qg3 Rc7 {#R} 0-1

[Event "Zt"]
[Site "masterchessopen.com Teheran (Iran)"]
[Round "11"]
[White "Murshed Niaz (BAN)"]
[Black "Ghorbani Mohsen (IRI)"]
[Result "0-1"]
[WhiteElo "2490"]
[BlackElo "2255"]

1.d4 d5 2.c4 dxc4 3.Nf3 Nf6 4.e3 e6 5.Bxc4 c5 6.O-O a6 7.Qe2 b5 8.Bb3 Bb7 9.a4
b4 10.dxc5 Nbd7 11.Bc4 Nxc5 12.Bd2 Rb8 13.Nd4 Qa5 14.Rd1 Bd6 15.Be1 Rd8 16.Nd2
O-O 17.N2b3 Nxb3 18.Nxb3 Qc7 19.Bxa6 Bxh2+ 20.Kh1 Bd5 21.Rdc1 Qe5 22.f4 Bxf4
23.exf4 Qxf4 24.Nd2 Ng4 25.Nf1 e5 26.Bd2 Qf5 27.Kg1 Rd6 28.Bc4 Ba8 29.Ne3 Nxe3
30.Bxe3 Bxg2 31.Kxg2 Rg6+ 32.Kh2 Rg4 33.Qxg4 Qxg4 34.a5 Qf3 35.Re1 g5 36.Bf1
Rc8 37.Re2 Rc4 38.Bxg5 Qh5+ 39.Kg1 Rg4+ 40.Bg2 Rxg5 41.Rf2 e4 {#R} 0-1

[Event "Ch Germany (juniors) (team)"]
[Site "masterchessopen.com Templin (Germany)"]
[Round "0"]
[White "Preusser Raimund (GER)"]
[Black "Muzdalo Dragan"]
[Result "0-1"]
[WhiteElo "2189"]
[BlackElo "2250"]

1.d4 d5 2.c4 dxc4 3.e3 Nf6 4.Bxc4 e6 5.Nf3 a6 6.O-O c5 7.Qe2 b5 8.Bb3 Bb7
9.Rd1 Nbd7 10.Nc3 Qb8 11.a3 Be7 12.e4 cxd4 13.Nxd4 Nc5 14.Bc2 O-O 15.e5 Nd5
16.Nf5 exf5 17.Nxd5 Bxd5 18.Rxd5 Qb7 19.Rd4 g6 20.Be3 Ne6 21.Rdd1 Qc7 22.Bd4
Rfd8 23.Bc3 Bc5 24.Bb3 Qb6 25.h3 a5 26.Rxd8+ Rxd8 27.Rd1 b4 28.Rxd8+ Qxd8
29.axb4 axb4 30.Be1 Nd4 31.Qd1 Qe7 32.e6 fxe6 33.Bc4 Qd6 34.Qd3 Kg7 35.Bd2 e5
36.Qg3 Nc2 37.Qg5 f4 38.Bc1 Qd4 {#R} 0-1

[Event "It (open)"]
[Site "masterchessopen.com Ubeda (Spain)"]
[Round "2"]
[White "Burmakin Vladimir (RUS)"]
[Black "Mirzoev Azer (AZE)"]
[Result "1-0"]
[WhiteElo "2550"]
[BlackElo "2430"]

1.d4 d5 2.Nf3 Nf6 3.c4 dxc4 4.e3 e6 5.Bxc4 a6 6.O-O c5 7.Qe2 b5 8.Bb3 Bb7
9.Rd1 Nbd7 10.Nc3 Qb8 11.d5 Nxd5 12.Nxd5 Bxd5 13.Bxd5 exd5 14.Rxd5 Qb7 15.e4
Be7 16.Bg5 f6 17.Bf4 O-O 18.Nh4 Nb6 19.Rd3 Rfe8 20.Nf5 Bf8 21.Re1 Rad8 22.Rxd8
Rxd8 23.h4 c4 24.Qg4 Re8 25.e5 fxe5 26.Bxe5 Re6 27.h5 Qf7 28.Re3 g6 29.Nd4 Re8
30.hxg6 Qxg6 31.Qd1 Bg7 32.Rg3 Rxe5 33.Rxg6 hxg6 34.Nf3 Rd5 35.Qe2 Kf7 36.Qe3
Nd7 37.Ng5+ Kf8 38.Ne6+ Kg8 39.Nxg7 Kxg7 40.Qe6 {#r} 1-0

[Event "It (open)"]
[Site "masterchessopen.com Winnipeg (Canada)"]
[Round "4"]
[White "Sasikiran Krishnan (IND)"]
[Black "Gofshtein Zvulon (ISR)"]
[Result "0-1"]
[WhiteElo "2430"]
[BlackElo "2545"]

1.d4 d5 2.c4 dxc4 3.Nf3 Nf6 4.e3 e6 5.Bxc4 c5 6.O-O a6 7.Qe2 b5 8.Bb3 Bb7
9.Rd1 Nbd7 10.Nc3 Qc7 11.d5 c4 12.dxe6 fxe6 13.Bc2 Bc5 14.Nd4 O-O-O 15.e4 Qb6
16.Be3 Ne5 17.Nf3 Bxe3 18.Nxe5 Bc5 19.a4 Qc7 20.axb5 Qxe5 21.bxa6 Bc6 22.Rxd8+
Rxd8 23.Ba4 Ba8 24.a7 Qf4 25.g3 Qd2 26.Bd7+ Rxd7 {#R} 0-1

[Event "Ch Ukraine (team)"]
[Site "masterchessopen.com Alushta (Ukraine)"]
[Round "0"]
[White "Maly Alexey (UKR)"]
[Black "Timoshenko Georgy (UKR)"]
[Result "0-1"]
[WhiteElo "2335"]
[BlackElo "2595"]

1.d4 d5 2.c4 dxc4 3.Nf3 Nf6 4.e3 e6 5.Bxc4 c5 6.O-O a6 7.Qe2 b5 8.Bb3 Bb7
9.Rd1 Nbd7 10.Nc3 Qc7 11.e4 cxd4 12.Nxd4 Nc5 13.f3 Bd6 14.g3 O-O 15.Bc2 Be7
16.Be3 b4 17.Na4 Ncd7 18.Rac1 Rac8 19.Bb3 Qe5 20.Bf4 Qa5 21.Kg2 Kh8 22.Be3 Ne5
23.Rc2 Rxc2 24.Bxc2 Rc8 25.b3 h6 26.Bb1 Kg8 27.Bg1 g5 28.h3 h5 29.Qe3 Ng6
30.f4 h4 31.fxg5 hxg3 32.gxf6 Nh4+ 33.Kh1 {#R} 0-1

[Event "It (open)"]
[Site "masterchessopen.com Bad Wiessee (Germany)"]
[Round "7"]
[White "Kaminik Aleksandar (ISR)"]
[Black "Krallmann Matthias (GER)"]
[Result "0-1"]
[WhiteElo "2200"]
[BlackElo "2285"]

1.d4 d5 2.c4 dxc4 3.Nf3 a6 4.e3 Nf6 5.Bxc4 e6 6.O-O c5 7.Qe2 b5 8.Bb3 Bb7
9.Rd1 Nbd7 10.a4 Be7 11.Nbd2 Qb6 12.Nf1 O-O 13.Ng3 Rfd8 14.e4 cxd4 15.a5 Qc7
16.Nxd4 Nc5 17.Bc2 e5 18.Ndf5 Rxd1+ 19.Qxd1 Rd8 20.Qe2 Nfxe4 21.Qg4 g6 22.Be3
Nxg3 23.hxg3 Bf6 24.b4 Ne6 25.Nh6+ Kg7 26.Rc1 Qd7 27.Bb3 Nd4 28.Qxd7 Rxd7
29.Bxf7 Ne2+ 30.Kh2 Nxc1 31.Be6 Re7 32.Bh3 Nd3 33.Ng4 h5 34.Bh6+ Kf7 35.Ne3
Nxf2 {#R} 0-1

[Event "It (open)"]
[Site "masterchessopen.com Bourbon-Lancy (France)"]
[Round "3"]
[White "Bourquin Stephane (FRA)"]
[Black "Lazarev Vladimir (FRA)"]
[Result "0-1"]
[WhiteElo "2219"]
[BlackElo "2450"]

1.Nf3 d5 2.d4 Nf6 3.c4 dxc4 4.e3 e6 5.Bxc4 c5 6.O-O a6 7.Qe2 b5 8.Bb3 Bb7 9.a4
b4 10.Nbd2 Nbd7 11.e4 cxd4 12.e5 Nd5 13.Ne4 h6 14.Nxd4 Qb6 15.Rd1 Nc5 16.a5
Qc7 17.Nxc5 Bxc5 18.Ba4+ Kf8 19.Bb3 g6 20.h4 Kg7 21.h5 Ne7 22.hxg6 Nxg6 23.Be3
Bxd4 24.Rxd4 Rab8 25.Rg4 h5 26.Bb6 Qe7 27.Rg3 h4 28.Rg4 h3 29.f3 Rh4 30.Rxh4
Nxh4 31.Qf2 Qg5 32.Be3 Qxg2+ 33.Qxg2+ hxg2 34.Bd1 Bxf3 35.Kf2 Bxd1 36.Rxd1 Rc8
37.Bg5 Rc2+ 38.Rd2 Rxd2+ 39.Bxd2 g1=Q+ {#R} 0-1

[Event "It (open)"]
[Site "masterchessopen.com Bratislava (Slovakia)"]
[Round "4"]
[White "Ac Michal (SVK)"]
[Black "Breja Stanislav (SVK)"]
[Result "0-1"]
[WhiteElo "2174"]
[BlackElo "2066"]

1.d4 d5 2.c4 dxc4 3.Nf3 Nf6 4.e3 e6 5.Bxc4 c5 6.O-O a6 7.Qe2 b5 8.Bb3 Bb7
9.Rd1 Qb6 10.Nc3 Nbd7 11.e4 cxd4 12.Nd5 exd5 13.exd5+ Be7 14.Nxd4 O-O 15.Qxe7
Rfe8 16.Qb4 Nxd5 17.Bxd5 Bxd5 18.Nf5 Qe6 19.Ne3 Nf6 20.b3 Rad8 21.Bb2 Be4
22.Qa5 Rxd1+ 23.Rxd1 Nd5 24.Re1 Qg6 25.f3 Bxf3 26.Qd2 Nf4 27.Qd7 f6 28.Rc1
Bxg2 29.Ng4 Ne2+ 30.Kxg2 Nxc1 {#R} 0-1

[Event "It (cat.3)"]
[Site "masterchessopen.com Budapest (Hungary)"]
[Round "4"]
[White "Vigh Bela (HUN)"]
[Black "Ganguly Surya Shekhar (IND)"]
[Result "0-1"]
[WhiteElo "2385"]
[BlackElo "2300"]

1.d4 d5 2.c4 dxc4 3.Nf3 Nf6 4.e3 e6 5.Bxc4 c5 6.O-O a6 7.Qe2 b5 8.Bb3 Bb7
9.Rd1 Nbd7 10.Nc3 Qb6 11.Ne5 Rd8 12.a4 c4 13.Bc2 Nxe5 14.dxe5 Rxd1+ 15.Qxd1
Nd7 16.axb5 axb5 17.f4 Nc5 18.Qg4 b4 19.Ne2 h5 20.Qh3 g6 21.Bd2 c3 22.bxc3 b3
23.Bb1 b2 24.Ra2 Be4 25.c4 Bxb1 26.Ra8+ Kd7 {#R} 0-1

[Event "Ch World (juniors) (under 20) (g)"]
[Site "masterchessopen.com Calicut (India)"]
[Round "1"]
[White "Swati Mohota (IND)"]
[Black "Nguyen Thi Tuong Van (VIE)"]
[Result "0-1"]
[WhiteElo "2030"]
[BlackElo "2220"]

1.d4 d5 2.c4 dxc4 3.Nf3 Nf6 4.e3 e6 5.Bxc4 c5 6.O-O a6 7.Qe2 b5 8.Bb3 Bb7
9.Rd1 Nbd7 10.dxc5 Bxc5 11.a4 b4 12.a5 Qc7 13.Nbd2 O-O 14.Nc4 Ng4 15.h3 Nge5
16.Ncxe5 Nxe5 17.Nd4 Rfd8 18.Bc2 Rac8 19.Bd3 Nxd3 20.Rxd3 Ba7 21.Bd2 Bb8 22.f4
e5 23.Rc1 Qxa5 24.Rxc8 Rxc8 25.Nf5 Kh8 26.Qg4 Rg8 27.Ne7 Rd8 28.Rxd8+ Qxd8
29.Bxb4 a5 30.Ba3 exf4 31.Nf5 g6 32.Nh6 Qc7 {#R} 0-1

[Event "Tournament"]
[Site "masterchessopen.com Copenhagen (Denmark)"]
[Round "5"]
[White "Holm Sejer (DEN)"]
[Black "Sorensen Torben (MLT)"]
[Result "1-0"]
[WhiteElo "2355"]
[BlackElo "2300"]

1.d4 d5 2.c4 dxc4 3.Nf3 Nf6 4.e3 e6 5.Bxc4 c5 6.O-O a6 7.Qe2 b5 8.Bb3 Bb7
9.Rd1 Nbd7 10.Nc3 Bd6 11.h3 Qb8 12.Bc2 O-O 13.Ng5 Rd8 14.dxc5 Nxc5 15.b4 Ncd7
16.Rb1 Qc7 17.Rb3 Rac8 18.Bb1 Ne5 19.f4 Nc4 20.Rf1 h6 21.Nge4 Nxe4 22.Nxe4 Bf8
23.h4 f5 24.Ng3 Qe7 25.e4 fxe4 26.Nxe4 Rd4 27.Nc5 Bd5 28.Bf5 exf5 29.Qf2 Qf6
30.Nd7 Qd6 31.Qxd4 Qxd7 32.Rd3 Rd8 33.Rfd1 Qb7 34.Bb2 Bxb4 35.Qf2 Nb6 36.Bd4
Nc4 37.Ba1 Ba5 38.Qg3 Bb6+ 39.Kh2 {#r} 1-0

[Event "Ch Sweden (corr.)"]
[Site "masterchessopen.com corr."]
[Round "9"]
[White "Svensson Bengt (SWE)"]
[Black "Forsberg Jan-Olof (SWE)"]
[Result "1-0"]
[WhiteElo "2395"]
[BlackElo "2130"]

1.Nf3 d5 2.d4 Nf6 3.c4 dxc4 4.e3 e6 5.Bxc4 a6 6.O-O c5 7.Qe2 b5 8.Bb3 Bb7
9.Rd1 Nbd7 10.e4 cxd4 11.Nxd4 Qb8 12.Nc3 Bd6 13.e5 Bxe5 14.Nxe6 fxe6 15.Bxe6
Nc5 16.Nd5 Nxe6 17.Nxf6+ gxf6 18.Qh5+ Ke7 19.Bd2 a5 {#r} 1-0

[Event "It (open)"]
[Site "masterchessopen.com Dortmund (Germany)"]
[Round "2"]
[White "Racherbaeumer Marcel (GER)"]
[Black "Berov Arkady (UKR)"]
[Result "0-1"]
[WhiteElo "2260"]
[BlackElo "2490"]

1.d4 d5 2.c4 dxc4 3.Nf3 Nf6 4.e3 e6 5.Bxc4 a6 6.O-O c5 7.Qe2 b5 8.Bb3 Bb7
9.Rd1 Nbd7 10.Nc3 Qb8 11.Bd2 Be7 12.Be1 O-O 13.Rac1 Qa7 14.Ne5 Rad8 15.Nxd7
Rxd7 16.dxc5 Rxd1 17.Bxd1 Bxc5 18.b4 Bd6 19.a4 bxa4 20.Nxa4 Qb8 21.h3 Rc8
22.Nc5 a5 23.Qb5 Bh2+ {#R} 0-1